Statistics for Biggest World Cities within 200 Km

Click here to take the quiz!

General Stats

  • This quiz has been taken 75 times
  • The average score is 482 of 1847

Answer Stats

City % Correct
Wa
95%
Bo
95%
Glasgow
93%
Barcelona
93%
Glasgow
93%
Porto
93%
Lisbon
93%
New York
93%
Paris
93%
Berlin
93%
Barcelona
93%
Milan
90%
Marseille
90%
San Francisco
90%
Dublin
90%
Hamburg
90%
Oslo
90%
Vienna
90%
Tokyo
90%
Madrid
90%
Munich
88%
Miami
88%
Mumbai
88%
Mexico City
88%
Copenhagen
88%
London
88%
Algiers
88%
Moscow
88%
Alexandria
88%
Naples
88%
Riga
88%
Los Angeles
88%
Seville
88%
Istanbul
88%
Lyon
88%
Athens
88%
Helsinki
88%
Cairo
88%
Chicago
88%
Zagreb
88%
Rome
88%
Zurich
88%
Tunis
88%
Perth
85%
Montreal
85%
Seoul
85%
Antananarivo
85%
Tehran
85%
Osaka
85%
Palermo
85%
Birmingham
85%
Van
85%
Belgrade
85%
Nice
85%
Sydney
85%
New Orleans
85%
Denver
85%
Prague
85%
Sydney
85%
Detroit
85%
Auckland
85%
Atlanta
85%
Frankfurt
85%
Tampa
85%
Birmingham
85%
Bucharest
85%
Boston
85%
Kiev
85%
Reykjavík
85%
Havana
85%
Washington
85%
Sarajevo
85%
Saint Petersburg
85%
Cape Town
85%
85%
Sana'a
85%
Houston
85%
Rotterdam
85%
Bordeaux
85%
Bor
85%
Casablanca
85%
Kinshasa
85%
Melbourne
85%
Bor
85%
Warsaw
85%
Santiago
85%
Taipei
83%
Saint George
83%
Khartoum
83%
Nassau
83%
Kabul
83%
Kansas City
83%
New Delhi
83%
Christchurch
83%
Tripoli
83%
Doha
83%
Chișinău
83%
Phoenix
83%
Budapest
83%
Stockholm
83%
Riyadh
83%
San José
83%
Tirana
83%
Ankara
83%
Manila
83%
Odessa
83%
Pyongyang
83%
Kolkata
83%
Vilnius
83%
Lusaka
83%
Jackson
83%
Seattle
83%
Jacksonville
83%
Johannesburg
83%
Minsk
83%
San Jose
83%
San Diego
83%
Jakarta
83%
Santo Domingo
83%
Dar es Salaam
83%
Dallas
83%
Luanda
83%
Valencia
83%
Saint John
80%
Caracas
80%
Panama City
80%
Dhaka
80%
Dakar
80%
Damascus
80%
Bergen
80%
Lagos
80%
Shanghai
80%
Lahore
80%
Thessaloníki
80%
Sofia
80%
Pristina
80%
Dubai
80%
Las Vegas
80%
Beijing
80%
Cork
80%
Brasília
80%
Portland
80%
Lima
80%
Palma
80%
Minneapolis
80%
Wellington
80%
Windhoek
80%
Harare
80%
Maputo
80%
Malé
80%
Nantes
80%
Muscat
80%
Vancouver
80%
Toronto
80%
Marrakesh
80%
Kingstown
80%
Kingston
80%
Adelaide
80%
Addis Ababa
80%
Memphis
80%
Medina
80%
Yaoundé
80%
Kingston
80%
Bilbao
78%
San Salvador
78%
Nairobi
78%
Ulaanbaatar
78%
Chennai
78%
Belo Horizonte
78%
Kigali
78%
Kampala
78%
Bogotá
78%
Port-au-Prince
78%
Rio de Janeiro
78%
Brisbane
78%
Buenos Aires
78%
Hyderabad
78%
Mogadishu
78%
Monterrey
78%
Mombasa
78%
Hyderabad
78%
Amman
78%
Anchorage
78%
Nicosia
78%
Baghdad
78%
Karachi
78%
Durban
78%
Kuwait City
78%
Kuala Lumpur
78%
Ottawa
78%
Bangkok
78%
Nuuk
78%
Bangalore
75%
Quito
75%
Victoria
75%
Singapore
75%
Managua
75%
Izmir
75%
Málaga
75%
Medellín
75%
Hanoi
75%
Guangzhou
75%
Cairns
75%
Toulouse
75%
Fez
75%
Tashkent
75%
Colombo
75%
Halifax
75%
Columbus
75%
Guatemala City
75%
São Paulo
75%
Bari
75%
Indianapolis
75%
Honolulu
75%
George Town
75%
San Antonio
75%
George Town
75%
Gdańsk
75%
Port Moresby
75%
Ho Chi Minh City
75%
Asunción
75%
Kathmandu
75%
George Town
75%
Praia
75%
Port Louis
75%
Georgetown
75%
Abuja
75%
Astana
75%
Georgetown
75%
Accra
75%
Sur
73%
Nashville
73%
Juneau
73%
Cagliari
73%
Charlotte
73%
Jeddah
73%
Tegucigalpa
73%
Winnipeg
73%
Stuttgart
73%
Sapporo
73%
Ashgabat
73%
Port Elizabeth
73%
Baku
73%
Manaus
73%
Yangon
73%
Mörön
73%
Cancún
73%
Xi'an
73%
Trondheim
73%
Salt Lake City
73%
Oklahoma City
73%
Phnom Penh
73%
Yerevan
73%
Juba
73%
Murmansk
73%
Cali
73%
Monrovia
73%
Dushanbe
73%
Cincinnati
73%
Recife
73%
Heraklion
73%
Montevideo
73%
Ahmedabad
70%
Tbilisi
70%
San Juan
70%
San Juan
70%
Abidjan
70%
Zaragoza
70%
Mashhad
70%
Calgary
70%
Busan
70%
Bam
70%
Bamako
70%
Nouakchott
70%
Luxor
70%
Kano
70%
Niamey
70%
Raleigh
70%
Bishkek
70%
Guadalajara
70%
Xiamen
70%
Darwin
70%
Ürümqi
70%
La Paz
70%
Asmara
70%
Dili
70%
Pittsburgh
70%
Sochi
70%
La Paz
70%
Córdoba
70%
Bissau
70%
Nuremberg
70%
Novosibirsk
70%
Vladivostok
70%
Aleppo
70%
Bangui
70%
Jaipur
70%
Kharkiv
70%
Boise
70%
Paramaribo
70%
Donetsk
70%
Edmonton
70%
Chongqing
68%
Harbin
68%
Chengdu
68%
Lviv
68%
Lilongwe
68%
Reno
68%
Québec
68%
Murcia
68%
Lomé
68%
Gaborone
68%
Salvador
68%
Almaty
68%
Brest
68%
Key West
68%
Ufa
68%
Katowice
68%
Yekaterinburg
68%
Albuquerque
68%
São Tomé
68%
Bologna
65%
Funafuti
65%
N'Djamena
65%
Conakry
65%
Bloemfontein
65%
Santa Cruz
65%
Des Moines
65%
Ciudad Juárez
65%
Tangier
65%
Apia
65%
Bujumbura
65%
Fortaleza
65%
Split
65%
Nizhny Novgorod
65%
Samara
65%
Volgograd
65%
Alice Springs
65%
Hobart
65%
Maracaibo
65%
Canberra
65%
Libreville
65%
Saint Louis
65%
Medan
65%
Antalya
65%
Wuhan
63%
Oulu
63%
Whitehorse
63%
Isfahan
63%
Surabaya
63%
Porto Alegre
63%
Yakutsk
63%
Djibouti
63%
Yellowknife
63%
Suva
63%
Rostov
63%
Guayaquil
63%
Saint George's
63%
Moroni
63%
Nanjing
63%
The Ruhr
63%
Fairbanks
63%
Belém
63%
Omsk
63%
South Tarawa
60%
Honiara
60%
Benghazi
60%
Dalian
60%
Ouagadougou
60%
Nukuʻalofa
60%
Tromsø
60%
Irkutsk
60%
Oran
60%
Barranquilla
60%
Varna
60%
Dnipro
60%
Tara
60%
Bridgetown
60%
Richmond
60%
Surat
58%
Saint John's
58%
Dunedin
58%
Sucre
58%
Lucknow
58%
Cayenne
58%
Tallahassee
58%
Mérida
58%
Catania
58%
Leh
58%
Fresno
58%
Virginia Beach
58%
Mandalay
58%
Majuro
58%
Tampere
58%
Le Havre
58%
Mosul
58%
Curitiba
58%
Cluj-Napoca
58%
Cebu
58%
Kazan
58%
Louisville
58%
Regina
58%
Sevastopol
58%
Denpasar
55%
Shenyang
55%
Port Vila
55%
Dodoma
55%
Lhasa
55%
Mendoza
55%
Stavanger
55%
Bismarck
55%
Fais
55%
Linz
55%
Qingdao
55%
Perm
55%
Iqaluit
55%
Rosario
55%
Dijon
53%
Spokane
53%
Tucson
53%
Hami
53%
Fukuoka
53%
Douala
53%
Valladolid
53%
Tórshavn
53%
Townsville
53%
Omaha
53%
Port Harcourt
53%
Chiang Mai
53%
Davao
53%
Saskatoon
53%
Chelyabinsk
50%
León
50%
Dammam
50%
Chittagong
50%
Lubumbashi
50%
Antofagasta
50%
Funchal
50%
Sault Ste. Marie
50%
Sioux Falls
50%
Wrocław
50%
Nome
50%
Quetta
50%
Timbuktu
50%
Krasnoyarsk
50%
Port Sudan
50%
Cusco
50%
Bhopal
48%
Natal
48%
Nagpur
48%
Ushuaia
48%
Thunder Bay
48%
Da Nang
48%
Phuket
48%
Green Bay
48%
Fargo
48%
Lerwick
48%
Arequipa
48%
Göteborg
48%
Hilo
48%
Agadir
48%
Agra
48%
Mobile
45%
San-Pédro
45%
Rawalpindi
45%
Beni
45%
Shantou
45%
Wichita
45%
Bucaramanga
45%
Hangzhou
45%
Srinagar
45%
Naha
45%
Stanley
45%
Punta Arenas
45%
Iquitos
45%
Petropavlovsk-Kamchatsky
45%
Krasnodar
45%
Sendai
45%
Barrow
45%
Petropavl
45%
Ponta Delgada
45%
Lubbock
45%
Nouméa
45%
Vitória
43%
Newcastle
43%
Astrakhan
43%
Tulsa
43%
Århus
43%
Savannah
43%
Naypyidaw
43%
Jodhpur
43%
Trujillo
43%
Košice
43%
Kumasi
43%
Nanning
43%
Mbuji-Mayi
43%
Changsha
43%
Billings
43%
Longyearbyen
43%
Mexicali
43%
Adana
43%
Tabriz
43%
Shiraz
43%
Port Said
43%
Columbia
43%
Wenzhou
43%
Duluth
43%
Little Rock
43%
Fuzhou
40%
Saipan
40%
Springfield
40%
Aswan
40%
Akureyri
40%
Kodiak
40%
Lublin
40%
Samarkand
40%
Kotā
40%
Umeå
40%
Gijón
40%
Bakersfield
40%
San Pedro Sula
40%
Grand Rapids
40%
Stornoway
40%
Kaohsiung
40%
Lanzhou
40%
Kunming
40%
Knoxville
40%
Puerto Montt
38%
Varanasi
38%
McMurdo Station
38%
Beira
38%
Amarillo
38%
Walvis Bay
38%
Patna
38%
Goiânia
38%
Banda Aceh
38%
Palembang
38%
Bulawayo
38%
Mar del Plata
38%
Broome
38%
Voronezh
38%
Edinburgh of the Seven Seas
38%
Kandahār
38%
Pointe-Noire
38%
McAllen
38%
Eureka
38%
Corpus Christi
38%
Kisangani
38%
Chihuahua
38%
São Luís
38%
Pescara
35%
The Pas
35%
Grytviken
35%
Salta
35%
Hanga Roa
35%
Bhilai
35%
Faaa
35%
Luleå
35%
Kristiansand
35%
Limoges
35%
Rovaniemi
35%
Norilsk
35%
Tobruk
35%
Leticia
33%
Maun
33%
Adamstown
33%
Haikou
33%
Khabarovsk
33%
Ålesund
33%
Maceió
33%
Oaxaca
33%
Benin City
33%
Labrador City
33%
Indore
33%
Shreveport
33%
Santiago de Cuba
33%
Tamanrasset
33%
Cochabamba
33%
Port Hedland
33%
Pierre
33%
Saratov
33%
East London
33%
Kota Kinabalu
33%
Fort McMurray
33%
Maiduguri
33%
Koror
33%
Comodoro Rivadavia
33%
Rapid City
33%
Bodø
33%
Blantyre
33%
Kayseri
33%
Teresina
30%
Makhachkala
30%
Zhengzhou
30%
Coimbatore
30%
Port-aux-Français
30%
Kaduna
30%
Rikitea
30%
Kalgoorlie
30%
West Island
30%
Makassar
30%
San Miguel de Tucumán
30%
Huambo
30%
Bhubaneswar
30%
Herāt
30%
Anadyr
30%
Gao
30%
Idaho Falls
30%
Avarua
30%
Tomsk
30%
Jinan
28%
Changchun
28%
Rajkot
28%
Dawson City
28%
Yaroslavl
28%
Porto Velho
28%
Sassari
28%
Puerto Ayora
28%
Redding
28%
Rockhampton
28%
Magadan
28%
Santa Clara
28%
Kashgar
28%
Ambon
28%
Arkhangel’sk
28%
Campo Grande
28%
Multan
28%
Gjoa Haven
28%
Veracruz
28%
Port Blair
28%
Trabzon
28%
Bahía Blanca
28%
Orenburg
28%
Pátra
28%
Taiyuan
28%
Jayapura
28%
Alofi
28%
Waitangi
28%
Badajoz
28%
Launceston
25%
Konya
25%
Kelowna
25%
Laayoune
25%
Kiruna
25%
Cuiabá
25%
Broken Hill
25%
Shijiazhuang
25%
Baotou
25%
Tuxtla
25%
Camagüey
25%
Ciudad Guayana
25%
Craiova
25%
Rankin Inlet
25%
Palmas
25%
Rio Branco
25%
Missoula
25%
Boa Vista
25%
Hargeisa
25%
Agadez
25%
Hohhot
25%
Alta
25%
Happy Valley-Goose Bay
25%
Rundu
23%
Yantai
23%
Roma
23%
Sabhā
23%
Chita
23%
Cedar Rapids
23%
Chandigarh
23%
Şalālah
23%
Vishakhapatnam
23%
Livingstone
23%
Coquimbo
23%
Kimbe
23%
Ulan-Ude
23%
Coober Pedy
23%
Constantine
23%
Kolonia
23%
Colonia
23%
Carnarvon
23%
Carnarvon
23%
Bata
23%
Sirte
23%
Lae
23%
Kursk
23%
Kerman
23%
Kuching
23%
Karagandy
23%
Trinidad
23%
Lubango
23%
Santa Maria
23%
Upernavik
23%
San Luis
23%
Santa Maria
23%
Bukhara
23%
Las Palmas de Gran Canaria
23%
Albany
23%
Atuona
23%
Saint-Denis
23%
Madurai
23%
Nouadhibou
23%
Flying Fish Cove
23%
Invercargill
23%
Floriano
23%
Magnitogorsk
23%
Nanchang
23%
Guwahati
23%
Grand Junction
23%
Mount Isa
23%
Mwanza
23%
Flagstaff
23%
Gomel
23%
Orange
23%
Lüderitz
23%
Dikson
23%
Olonkinbyen
23%
Prince George
23%
Guiyang
20%
Uberlândia
20%
Mirny
20%
Mogilev
20%
Puerto Princesa
20%
Greater Sudbury
20%
Torreón
20%
Balkhash
20%
Mount Hagen
20%
Kununurra
20%
Atyrau
20%
Okhotsk
20%
Arawa
20%
Hovd
20%
Xuzhou
20%
Medicine Hat
20%
Yuzhno-Sakhalinsk
20%
Abilene
20%
Medford
20%
Weno
20%
Wau
20%
Mirny
20%
Arar
20%
Aozou
20%
Hubli-Dharwad
20%
Marquette
20%
Vorkuta
20%
Daqing
20%
Bandar Abbas
20%
Río Gallegos
20%
Casper
20%
Oral
20%
Cape Coral
20%
Fort-de-France
20%
Concepción
20%
Iquique
20%
San Andrés
20%
Faya-Largeau
20%
Ciudad del Este
20%
Fernando de Noronha
20%
Macapá
20%
Samsun
20%
In Salah
20%
Mackay
20%
Diyarbakır
20%
Stavropol’
20%
Bozeman
20%
Bobo-Dioulasso
20%
Port Mathurin
20%
Nampula
20%
Sisimiut
20%
Nukus
18%
Kismayo
18%
Mazār-e Sharīf
18%
Midland
18%
Kirov
18%
Mtwara
18%
Syktyvkar
18%
Zamboanga
18%
Ryazan’
18%
Tabwakea Village
18%
Yazd
18%
Siwa Oasis
18%
Mildura
18%
Néma
18%
Upington
18%
Tyumen
18%
Kotzebue
18%
Tver
18%
Surgut
18%
Vaitape
18%
Sept-Îles
18%
Touba
18%
Valdez
18%
Pucallpa
18%
Vijayawada
18%
Londrina
18%
Egilsstaðir
18%
Katherine
18%
Dillingham
18%
Chiclayo
18%
Kavaratti
18%
Aktau
18%
Chiang Rai
18%
Béchar
18%
Fort Nelson
18%
Geraldton
18%
Corner Brook
18%
Bundaberg
18%
Jaffna
18%
Barnaul
18%
David
18%
Fuvahmulah
18%
Chetumal
18%
Altay
18%
Kidal
18%
El Obeid
18%
El Fasher
18%
Pskov
15%
Liuzhou
15%
Bryansk
15%
Monroe
15%
Daru
15%
Ust-Kamenogorsk
15%
Garoua
15%
Bareilly
15%
Brandon
15%
Neuquén
15%
Manokwari
15%
Kyzyl
15%
Hermosillo
15%
Mao
15%
Clyde River
15%
Elko
15%
Iranshahr
15%
Arijejen
15%
Nhulunbuy
15%
Guilin
15%
Ceduna
15%
Dakhla
15%
Tura
15%
Turbat
15%
Nar'yan-Mar
15%
Mopti
15%
Ilulissat
15%
Tasiilaq
15%
Padang
15%
Great Falls
15%
Atar
15%
Santa Rosa
15%
Banjarmasin
15%
Jamshedpur
15%
Mamoudzou
15%
Manado
15%
El Daein
15%
Ukhta
15%
Udon Thani
15%
Culiacán
15%
Ghat
15%
Grootfontein
15%
Unalaska
15%
Mzuzu
15%
Havre
15%
Pereira
15%
Yinchuan
15%
Mersa Matruh
15%
Erzurum
15%
Zahedan
15%
Mindelo
15%
Evansville
15%
Izhevsk
15%
Aberdeen
15%
Semarang
15%
Bethel
15%
Pavlodar
15%
Mbandaka
15%
Yakima
15%
Mbeya
15%
Xining
15%
Pekanbaru
15%
Oshakati
15%
Half Tree Hollow
15%
Keetmanshoop
15%
Ebaye
15%
Weipa
15%
Fada
15%
Wagga Wagga
15%
Gwangju
15%
Gizo
15%
Lorengau
15%
Novyy Urengoy
15%
Cargados Carajos
15%
Toliara
15%
Menongue
15%
Petrozavodsk
15%
Fort Smith
15%
Balkanabat
15%
Durango
15%
Pontianak
15%
Ísafjörður
15%
Mata-Utu
15%
Ternate
15%
Thursday Island
13%
Luganville
13%
Madang
13%
Moundou
13%
Balikpapan
13%
Sand Point
13%
Thompson
13%
Inuvik
13%
Morondava
13%
Tabora
13%
Bengkulu
13%
Ha'il
13%
Hadibu
13%
Mary
13%
Bela
13%
Hotan
13%
Solapur
13%
Sokoto
13%
Hegang
13%
Haymā’
13%
Bīrjand
13%
Meads
13%
Siliguri
13%
Huancayo
13%
Saurimo
13%
Tamale
13%
Santarém
13%
Tambacounda
13%
Tambopata
13%
Imperatriz
13%
Baoji
13%
Bratsk
13%
Tabuk
13%
Bouaké
13%
Surat Thani
13%
Baruun-Urt
13%
Mitú
13%
Tiksi
13%
Tamworth
13%
Ji Paraná
13%
Ambovombe
13%
Kutaisi
13%
Norman Wells
13%
Desē
13%
Am Timan
13%
Altamira
13%
Dire Dawa
13%
Angra do Heroísmo
13%
Antsiranana
13%
Prudhoe Bay
13%
Uliastay
13%
Uummannaq
13%
Datong
13%
Nha Trang
13%
Saint-Pierre
13%
Nuevo Laredo
13%
Alpena
13%
Zhezqazghan
13%
Khamis Mushait
13%
Palu
13%
Khovd
13%
Kikwit
13%
Kindu
13%
Östersund
13%
Xilin Hot
13%
Petrolina
13%
Djougou
13%
Whyalla
13%
Penza
13%
Kayes
13%
Xiangyang
13%
Neiafu
13%
Aracaju
13%
Bilibino
13%
Trelew
13%
Rimouski
13%
Arrecife
13%
Resistencia
13%
Napari Village
13%
Atbara
13%
Myitkyina
13%
Myeik
13%
Mukalla
13%
Timimoun
13%
Jabalpur
13%
Tofol
13%
Abakan
13%
Roswell
13%
Geneina
13%
Colima
13%
Qamdo
13%
Quelimane
13%
Arusha
13%
Jolo
13%
Corumbá
13%
Handan
10%
Pasto
10%
Mount Gambier
10%
Montes Claros
10%
Qaqortoq
10%
Mongu
10%
Birao
10%
São Félix do Xingu
10%
Pangnirtung
10%
Garissa
10%
Mudanjiang
10%
Ganja
10%
Gambēla
10%
Hailar
10%
Emerald
10%
Palana
10%
Provideniya
10%
Miri
10%
Gaalkacyo
10%
Greymouth
10%
Bosaso
10%
Copiapó
10%
Franceville
10%
Moerai
10%
Rasht
10%
Grande Prairie
10%
Saynshand
10%
De Aar
10%
Eirunepé
10%
Fianarantsoa
10%
Gilgit
10%
Port Lincoln
10%
Minot
10%
Gillette
10%
Sittwe
10%
Kendari
10%
Knysna
10%
Aqaba
10%
Kyzyl-Orda
10%
Isiro
10%
Timmins
10%
Bahir Dar
10%
Ust-Nera
10%
Tobi Village
10%
Terrace
10%
Kyzylorda
10%
Vingt Cinq
10%
Tampico
10%
Malakal
10%
Kassala
10%
Vilhena
10%
Wewak
10%
Tennant Creek
10%
Tual
10%
Luang Prabang
10%
Ust-Maya
10%
Kostanay
10%
Twin Falls
10%
Jeju City
10%
Jataí
10%
Jinzhou
10%
Lijiang
10%
Asyūţ
10%
Jiayuguan
10%
As Sulayyil
10%
Udaipur
10%
Lodja
10%
Komsomolsk-on-Amur
10%
Tom Price
10%
Kaga Bandoro
10%
Lake Havasu City
10%
Ust’-Kut
10%
Juazeiro do Norte
10%
Aktobe
10%
Kosti
10%
Barcelos
10%
Mahajanga
10%
Kurgan
10%
Zhangjiakou
10%
Warrnambool
10%
Watson Lake
10%
Vitória da Conquista
10%
Barreiras
10%
Batagay
10%
Altai
10%
Kugluktuk
10%
Bertoua
10%
Sonsorol Village
10%
Kulhudhuffushi
10%
Matadi
10%
Maturín
10%
Maoming
10%
Zyryanka
10%
Kankan
10%
Talcahuano
10%
Talca
10%
Mangalore
10%
Tacna
10%
Hengyang
10%
High Level
10%
Klyuchi
10%
Sibu
10%
Ndélé
8%
Arkalyk
8%
Naryn
8%
Turpan
8%
Alotau
8%
Kasama
8%
Piedras Negras
8%
Farmington
8%
Piura
8%
Wanzhou
8%
Gaspé
8%
Coyhaique
8%
Jos
8%
Olenyok
8%
Karakol
8%
Denizli
8%
Niigata
8%
Francistown
8%
Fort Albany
8%
Deir ez-Zor
8%
Nikolayevsk-on-Amur
8%
Kuusamo
8%
Vinh
8%
Olyokminsk
8%
Val-d'Or
8%
Ust-Tsilma
8%
Djelfa
8%
Neryungri
8%
Kaédi
8%
Fort St. John
8%
Kuopio
8%
Newman
8%
Labuan Bajo
8%
Kupang
8%
Lata
8%
Ayacucho
8%
Ica
8%
Makin Village
8%
Hurghada
8%
Monclova
8%
Mogocha
8%
Manicoré
8%
Bumba
8%
Taoudenni
8%
Reconquista
8%
Buta
8%
Buraydah
8%
Bandarbeyla
8%
Tarija
8%
Manta
8%
Kiunga
8%
Zouerate
8%
Halls Creek
8%
Sinop
8%
Hihifo
8%
Hawassa
8%
Havre-Saint-Pierre
8%
Mazatlán
8%
Bodaybo
8%
Sundsvall
8%
Battambang
8%
Sukkur
8%
Sorong
8%
Zinder
8%
Irecê
8%
Tepic
8%
Campeche
8%
Ayagoz
8%
Jacareacanga
8%
Ciudad Victoria
8%
Ciudad Obregón
8%
Kavieng
8%
Cockburn Town
8%
Coari
8%
Nabire
8%
Aurangabad
8%
Rock Springs
8%
Aykhal
8%
Ribeirão Preto
8%
Concordia
8%
Kokopo
8%
Liberia
8%
Esperance
8%
Carauari
8%
Chegdomyn
8%
Toamasina
8%
Saguenay
8%
Lobito
8%
Chifeng
8%
Saint-Augustin
8%
Abéché
5%
Yulara
5%
Egvekinot
5%
Akita
5%
Wotje
5%
El Calafate
5%
Peleduy
5%
Zhigansk
5%
Phalaborwa
5%
Edd
5%
Elista
5%
Atafu
5%
Santo António
5%
Sari
5%
Bourke
5%
Tete
5%
Baikonur
5%
Cherepovets
5%
Changde
5%
Saskylakh
5%
Susuman
5%
Sihanoukville
5%
Serekunda
5%
Biskra
5%
Paamiut
5%
Springbok
5%
Boende
5%
Saga
5%
Chumikan
5%
Porto Seguro
5%
Postmasburg
5%
Port Macquarie
5%
Dodge City
5%
Polokwane
5%
Dongola
5%
Viedma
5%
Vanavara
5%
Trincomalee
5%
Clovis
5%
Richards Bay
5%
Bilma
5%
Arauca
5%
Puerto Ayacucho
5%
Point Hope
5%
Prieska
5%
Los Mochis
5%
Okha
5%
Imphal
5%
New Plymouth
5%
Graaff-Reinet
5%
Omsukchan
5%
Laascaanood
5%
Mthatha
5%
Juliaca
5%
Lensk
5%
Gulu
5%
Nyala
5%
Maxixe
5%
Fort Yukon
5%
Mbarara
5%
Hooper Bay
5%
Mataura
5%
Hamhŭng
5%
Mişrātah
5%
Marathon
5%
Maroua
5%
Kuybyshev
5%
Lethbridge
5%
Karratha
5%
Nakhon Ratchasima
5%
Otjiwarongo
5%
Ely
5%
Ghanzi
5%
Khorixas
5%
Kunduz
5%
Katima Mulilo
5%
Korla
5%
Bowen
3%
Riverton
3%
Río Cuarto
3%
São José do Rio Preto
3%
São Gabriel da Cachoeira
3%
Cobar
3%
Bria
3%
Mongo
3%
Najrān
3%
Shahrak
3%
Hay River
3%
Hinton
3%
Coro
3%
Namangan
3%
Serov
3%
Nagqu
3%
Miles City
3%
Montepuez
3%
Gweru
3%
Bukoba
3%
Goba
3%
Chaguanas
3%
Sabzevar
3%
Chabahar
3%
Salekhard
3%
Cherkasy
3%
Murghob
3%
Gobabis
3%
Gorontalo
3%
Governador Valadares
3%
Rondonópolis
3%
Sirjan
3%
Bushehr
3%
Burns
3%
Mossoró
3%
Chimoio
3%
Grand Falls-Windsor
3%
Nacala
3%
Campos dos Goytacazes
3%
San Julián
3%
N’dalatando
3%
Calama
3%
Montería
3%
Mariental
3%
Labasa
3%
Arctic Bay
3%
Apatity
3%
Kuril’sk
3%
Karamay
3%
Uruzgān
3%
Ardabīl
3%
Les Abymes
3%
Tshikapa
3%
Uíge
3%
Ariquemes
3%
Uruguaiana
3%
Kotlas
3%
Williams Lake
3%
Zābol
3%
Yerbogachen
3%
Khatanga
3%
Khmelnytskyi
3%
Khuzdar
3%
Adrar
3%
Yar-Sale
3%
Williston
3%
Winnemucca
3%
Kenora
3%
Yakutat
3%
Jimma
3%
Lloydminster
3%
Marabá
3%
Nasiriyah
3%
Barra do Garças
3%
Tabas
3%
Taiohae
3%
Bauru
3%
Huánuco
3%
Maymana
3%
Sivas
3%
Sobral
3%
Berezniki
3%
Barinas
3%
Takoradi
3%
Mabaruma
3%
Tébessa
3%
Ironville
3%
Luena
3%
Jabor
3%
Bamenda
3%
Taraz
3%
Malanje
3%
Ilebo
3%
Makurdi
3%
Bandundu
3%
Mayo
3%
Sogamoso
3%
Puerto Cabezas
3%
Pevek
3%
Patos
3%
Port-de-Paix
3%
Paragominas
3%
Pemba
3%
Cruzeiro do Sul
3%
Nikol’skoye
3%
Parintins
3%
Qaanaaq
3%
Farah
3%
Pathein
3%
Nueva Guinea
3%
Dickinson
3%
Ekimchan
3%
Fitzroy Crossing
3%
Parnaíba
3%
Ouésso
3%
Ganzhou
3%
Posadas
3%
Pelotas
3%
Erdenet
3%
Pechora
3%
Ogasawara
3%
Nizhnevartovsk
3%
Obo
3%
Rahim Yar Khan
3%
Errachidia
0%
Tuguegarao
0%
Lashio
0%
Jutaí
0%
Erenhot
0%
Ulaangom
0%
Tulun
0%
Kadugli
0%
Uray
0%
Jinghong
0%
Tucuruí
0%
Tshabong
0%
At Tāj
0%
Eyl
0%
Lhokseumawe
0%
Evensk
0%
Lamar
0%
Ust’-Ilimsk
0%
At Taḩāluf
0%
Ust’-Kulom
0%
Letlhakane
0%
Āsosa
0%
Petauke
0%
Ubon Ratchathani
0%
Leningradskiy
0%
Lightning Ridge
0%
Arvayheer
0%
Legaspi
0%
Leer
0%
Ujae
0%
Oranjemund
0%
Undurkhaan
0%
Arua
0%
Tynda
0%
Esquel
0%
Leshukonskoye
0%
Unalakleet
0%
Turkestan
0%
Lesosibirsk
0%
Laverton
0%
Turukhansk
0%
Onslow
0%
Ascención de Guarayos
0%
Aripuanã
0%
Leava
0%
Jaén
0%
Dzhetygara
0%
Thakhèk
0%
Iringa
0%
Iriba
0%
Inírida
0%
Okene
0%
Luwuk
0%
Balashov
0%
Phitsanulok
0%
Tiaret
0%
Lukolela
0%
Isangel
0%
Baise City
0%
Ingeniero Guillermo N. Juárez
0%
Temuco
0%
Tatarsk
0%
Taulaga
0%
Inderbor
0%
Mahanoro
0%
Tarauacá
0%
Druzhba
0%
Tawau
0%
Tazovskiy
0%
Bambari
0%
Balsas
0%
Tefé
0%
Dubti
0%
Picos
0%
Tidjikja
0%
Tigil’
0%
Baardheere
0%
Ayan
0%
Torghay
0%
Tongliao
0%
Bagdarin
0%
Tonghua
0%
Tosontsengel
0%
Lajes das Flores
0%
Jambi City
0%
Jiagedaqi
0%
Ölgii
0%
Awjilah
0%
Lodwar
0%
Jabat
0%
Bagé
0%
Itabuna
0%
Itacoatiara
0%
Baidoa
0%
Tilichiki
0%
Tikhvin
0%
Ishigaki
0%
Tindouf
0%
Baicheng
0%
Luau
0%
Lospalos
0%
Tobol’sk
0%
Ittoqqortoormiit
0%
Itaituba
0%
Atbasar
0%
Kamyshin
0%
Kodinsk
0%
Paracatu
0%
Xinyuan
0%
Xinyang
0%
Kolpashevo
0%
Kokshetau
0%
Ak-Dovurak
0%
Yambio
0%
Aioun
0%
Aïn Sefra
0%
Aizawl
0%
Ajdabiya
0%
Yanbu
0%
Xichang
0%
Korba
0%
Al Bawīţī
0%
Winejok
0%
Wiluna
0%
Pasragad Branch
0%
Al Ghayz̧ah
0%
Passo Fundo
0%
Al Bahah
0%
Winton
0%
Aksu
0%
Akjoujt
0%
Wuwei
0%
Korhogo
0%
Ende
0%
Ouadda
0%
Afif
0%
Kirensk
0%
Zhangye
0%
Zeya
0%
Zemio
0%
Abu Jibeha
0%
El Oued
0%
Abengourou
0%
Kirakira
0%
Kindersley
0%
Kigoma
0%
Oyem
0%
Owando
0%
Khoreyver
0%
Zambezi
0%
Oujda-Angad
0%
Ad Dawādimī
0%
Yibin
0%
Ouargla
0%
Ad-Damazin
0%
Pangkalpinang
0%
Yichang
0%
Khani
0%
Acapulco de Juárez
0%
Abu Simbel
0%
Khanty-Mansiysk
0%
Yrghyz
0%
Yorkton
0%
Kota Bharu
0%
Al Hoceïma
0%
Ankang
0%
Kwang Binh
0%
Kyra
0%
Antalaha
0%
Velikiy Novgorod
0%
Kandi
0%
Eita Village
0%
Añatuya
0%
An Nuhūd
0%
Amderma
0%
Kushiro
0%
Kangding
0%
Vilyuysk
0%
Paulo Afonso
0%
Kanazawa
0%
Peace River
0%
Araouane
0%
Labé
0%
Kamina
0%
Kamen’-na-Obi
0%
Kamenskoye
0%
Dourados
0%
Araguaína
0%
La Ronge
0%
Ar Ruţbah
0%
Ar Ruways
0%
Ossora
0%
Valentine
0%
Kurnool
0%
Patos de Minas
0%
Aldan
0%
Al-`Ula
0%
Kasongo
0%
Watsa
0%
Almeirim
0%
Aleksandrovsk-Sakhalinskiy
0%
Kasongo-Lunda
0%
Al Wajh
0%
Al Khārijah
0%
Ostrovnoy
0%
Al Mijlad
0%
Wenshan City
0%
Al Qadarif
0%
Warmbad
0%
Warburton
0%
Kuqa
0%
Kansk
0%
Alyangula
0%
Vohipaho
0%
Kuraymah
0%
Kaoma
0%
Wad Medani
0%
Wakkanai
0%
Kuantan
0%
Wajir
0%
Kungurtug
0%
Waddān
0%
Ust-Kuyga
0%
Maintirano
0%
San Matías
0%
Camiri
0%
Puerto Leguízamo
0%
Dalnegorsk
0%
Canutama
0%
Puerto Natales
0%
Camarones
0%
San Rafael
0%
Sandakan
0%
Sangar
0%
Puerto Deseado
0%
Mouila
0%
Puerto Francisco de Orellana
0%
San José del Guaviare
0%
Capitán Pablo Lagerenza
0%
San Antonio Oeste
0%
San Benito
0%
San Antonio de Palé
0%
Ceeldheer
0%
Dalandzadgad
0%
Ceerigaabo
0%
San Borja
0%
Moyobamba
0%
San Ignacio de Velasco
0%
Goz Beïda
0%
Moyale
0%
San Fernando del Valle de Catamarca
0%
San Felipe
0%
Sāngli
0%
Sanming
0%
Brahmapur
0%
Bozoum
0%
Gueltat Zemmour
0%
São Raimundo Nonato
0%
Presidencia Roque Sáenz Peña
0%
São Paulo de Olivença
0%
Saranpaul’
0%
Dawei
0%
Pôsto Fiscal Rolim de Moura
0%
Satawal Village
0%
Gurupi
0%
Guerrero Negro
0%
Sarh
0%
Breves
0%
Kiffa
0%
Morogoro
0%
Morehead
0%
Santa Isabel do Rio Negro
0%
Santa Elena de Uairén
0%
Daloa
0%
Nerchinsk
0%
Griffith
0%
Guanambi
0%
Ngatik
0%
Guelmim
0%
Ngaoundéré
0%
Santiago de Veraguas
0%
Nezhdaninskoe
0%
Chagda
0%
Pulap Village
0%
Qui Nhon
0%
Roboré
0%
Nadym
0%
Coatzacoalcos
0%
Raja
0%
Qulsary
0%
Gbadolite
0%
Mys-Kamennyy
0%
Roreti Village
0%
Ciudad Constitución
0%
Naze
0%
Gimbi
0%
Mwinilunga
0%
Cobija
0%
Rikaze
0%
Nanded
0%
Gebeit
0%
Ghadāmis
0%
Genhe
0%
Gemena
0%
Coxim
0%
Ghardaïa
0%
Conceição do Araguaia
0%
Rājshāhi
0%
Crateús
0%
Cranbrook
0%
Riberalta
0%
Namdrik
0%
Churchill Falls
0%
Muzhi
0%
Gorakhpur
0%
Nchelenge
0%
Gorakhpur
0%
Chibougamau
0%
Qarqaraly
0%
Qarazhal
0%
Gashua
0%
Cherskiy
0%
Mpika
0%
Mpanda
0%
Nellore
0%
Salina Cruz
0%
Dadukou
0%
Qaşr al Farāfirah
0%
Choibalsan
0%
Rukban
0%
Rumbek
0%
Roxby Downs
0%
Choyr
0%
Muzayri‘
0%
Chos Malal
0%
Rungata
0%
Musoma
0%
Dadonghai
0%
Cumaribo
0%
Chokurdakh
0%
Chongjin
0%
Satowan Village
0%
Nizhneyansk
0%
Poronaysk
0%
Basco
0%
Basoko
0%
Hughenden
0%
Batagay-Alyta
0%
Dolores
0%
Svetlaya
0%
Swift Current
0%
Ta‘izz
0%
Pontes e Lacerda
0%
Porangatu
0%
Humaitá
0%
Hukuntsi
0%
Marble Bar
0%
Sungai Penuh
0%
Fonte Boa
0%
Baykit
0%
Bei’an
0%
Marsabit
0%
Belaya Gora
0%
Srednekolymsk
0%
Bayanhongor
0%
Bayan Nur
0%
Sumbawanga
0%
Nyagan
0%
Filadelfia
0%
Bawku
0%
Stung Treng
0%
Manuel Ojinaga
0%
Barra do Corda
0%
Odienné
0%
Makokou
0%
Poindimié
0%
Igarka
0%
Mananara
0%
Ifalik Village
0%
Illizi
0%
Ravensthorpe
0%
Tanrake Village
0%
Impfondo
0%
Tanjung Pandan
0%
Bangassou
0%
Tandil
0%
Taldykorgan
0%
Mandalgovi
0%
Mandimba
0%
Tahe
0%
Tacloban
0%
Huocheng
0%
Mansa
0%
Tahoua
0%
Nyurba
0%
Taksimo
0%
Mandera
0%
Dori
0%
Fenghuang
0%
Bārmer
0%
Horsham
0%
Beledweyne
0%
Shakawe
0%
Shalkar
0%
Fort Liard
0%
Shache
0%
Severo-Yeniseyskiy
0%
Ménaka
0%
Shalqar
0%
Melville
0%
Deline
0%
Mek'ele
0%
Shar’ya
0%
Bintulu
0%
Shangrao
0%
Severobaykal’sk
0%
Birobidzhan
0%
Posse
0%
Segezha
0%
Hafar Al-Batin
0%
Sayaq
0%
Miraflores
0%
Bom Jesus
0%
Mil’kovo
0%
Sémbé
0%
Merredin
0%
Dededo Village
0%
Blagoveshchensk
0%
Mikhaylovka
0%
Semey
0%
Bīkaner
0%
Shishmaref
0%
Ozernovskiy
0%
Mawlamyine
0%
Berbérati
0%
Noyabrsk
0%
Beringovskiy
0%
Smara
0%
Solnechnyy
0%
Songea
0%
Sovetskaya Gavan’
0%
Beloyarskiy
0%
Nuevo Casas Grandes
0%
Matehuala
0%
Hopedale
0%
Dibrugarh
0%
Diapaga
0%
Sikasso
0%
Hobyo
0%
Novokuznetsk
0%
Meekatharra
0%
Biak
0%
Sinabang
0%
Bhāgalpur
0%
Derby
0%
Nowrangapur
0%
Deputatsky
0%
Beyneu
0%
Singida
0%
Tapachula
0%

Score Distribution

Percentile by Number Answered

Percent of People with Each Score

Your Score History

You have not taken this quiz